| 000 | 00831nam a22002777a 4500 | ||
|---|---|---|---|
| 999 |
_c128460 _d128460 |
||
| 001 | 739609 | ||
| 003 | ARRUPE | ||
| 005 | 20181030122539.0 | ||
| 008 | 981107s1998 rh a 000 0 eng | ||
| 010 | _a 98982438 | ||
| 020 | _a1779090064 | ||
| 040 |
_aDLC _cDLC |
||
| 042 | _alcode | ||
| 050 | 0 | 0 |
_aPR9390.9.M81 _bM5 |
| 100 | 1 |
_aMungoshi, Charles, _d1947- _937236 |
|
| 245 | 1 | 4 |
_aThe milkman doesn't only deliver milk / _cCharles Mungoshi. |
| 246 | 3 | _aMilkman does not only deliver milk | |
| 250 | _aRev. and extended ed. | ||
| 260 |
_aHarare, Zimbabwe : _bBaobab Books, _c1998. |
||
| 300 |
_ax, 69 p. : _bill. ; _c19 cm. |
||
| 520 | _aPoems. | ||
| 906 |
_a7 _bcbc _corigode _du _encip _f19 _gy-gencatlg |
||
| 942 |
_2lcc _cMONOGRAPH |
||